The World's Wife by Carol Ann Duffy Quiz Stats

 Plays Quiz not verified by Sporcle

Score 0/30 Timer 05:00
0 Plays Today
Opening line Poem % Correct
The bed we loved in was a spinning worldAnne Hathaway
67.5%
It was late September.Mrs Midas
61.5%
First things first. I married Faust.Mrs Faust
54.7%
7 April 1852.Mrs Darwin
52.1%
At childhood's endLittle Red Cap
50.4%
I remember peeping in at his skyscraper roomQueen Kong
49.6%
The Devil was one of the men at work,The Devil's Wife
49.6%
A suspicion, a doubt, a jealousyMedusa
45.3%
I had grieved.Mrs Lazarus
42.7%
I'd done it beforeSalome
38.5%
Ice in the trees.Queen Herod
37.6%
There are the twinsThe Kray Sisters
36.8%
By Christ, he could bore for Purgatory.Mrs Aesop
35%
Firstly, his hands - a woman's.Pilate's Wife
32.5%
Teach me, he saidDelilah
31.6%
Opening line Poem % Correct
I'm not the first or the lastMrs Icarus
30.8%
Ladies, for argument's sake,Frau Freud
30.8%
In the convent, y'allElvis's Twin Sister
30.8%
These myths going round, these legends, fairytales,Mrs Beast
30.8%
That’s him pushing the stone up the hill, the jerk.Mrs Sisyphus
29.9%
Cold, I was, like snow, like ivory.Pygmalion's Bride
28.2%
I shrank myselfThetis
27.4%
All I know is this:Mrs Tiresias
27.4%
Where I lived - Winter and hard earth.Demeter
27.4%
I’d loved them fervently since childhood.Mrs Quasimodo
24.8%
I’m fond, nereids and nymphs,Circe
23.1%
At first, I looked along the roadPenelope
20.5%
Girls, I was dead and downEurydice
18.8%
After I learned to transubstantiatePope Joan
17.9%
I sank like a stoneMrs Rip van Winkle
17.1%

You're not logged in!

Compare scores with friends on all Sporcle quizzes.
OR
Log In

Show Comments

Extras

Created Nov 7, 2010ReportNominate
Tags:Poem Quiz

Top Quizzes Today


Score Distribution

Your Account Isn't Verified!

In order to create a playlist on Sporcle, you need to verify the email address you used during registration. Go to your Sporcle Settings to finish the process.

Report this User

Report this user for behavior that violates our Community Guidelines.

Details: